[Event "DEM U12/U12w 2000"]
[Site "Überlingen GER"]
[Date "2000.06.08"]
[Round "8"]
[White "Glowna, Uwe"]
[Black "Lörincz, Benjamin"]
[Result "0-1"]
[Termination "normal"]
[Board "25"]
[WhiteElo "1001"]
[BlackElo "1137"]
[PlyCount "52"]
[EventCountry "GER"]
[EventRounds "11"]
[EventType "swiss"]
[EventDate "2000.06.03"]

1. e4 d5 2. exd5 Qxd5 3. Nc3 Qa5 4. d4 Nf6 5. Bd2 c6 6. Ne4 Qf5 7. Nxf6+ Qxf6
8. Bc3 Bf5 9. Nf3 e6 10. Qd2 Bd6 11. O-O-O Bg4 12. Be2 Bf4 13. Kb1 Bxd2 14.
Rxd2 Qe7 15. a3 Nd7 16. Bb4 c5 17. dxc5 Nxc5 18. h3 Bf5 19. Bd3 Bxd3 20. Rxd3
Qc7 21. Rc3 b6 22. Nd2 a5 23. Bxc5 bxc5 24. Ne4 O-O 25. Nxc5 Qf4 26. Rf3 Qd4
0-1

[Event "DEM U12/U12w 2000"]
[Site "Überlingen GER"]
[Date "2000.06.08"]
[Round "8"]
[White "Donners, Ricardo"]
[Black "Klaiber, Markus"]
[Result "0-1"]
[Termination "normal"]
[Board "26"]
[WhiteElo "884"]
[BlackElo "1078"]
[PlyCount "120"]
[EventCountry "GER"]
[EventRounds "11"]
[EventType "swiss"]
[EventDate "2000.06.03"]

1. e4 e5 2. Nf3 Nc6 3. d4 exd4 4. Bc4 h6 5. Nxd4 Bc5 6. Qh5 Qf6 7. Bxf7+ Qxf7
8. Qxc5 b6 9. Qc3 Nxd4 10. Qxd4 Ba6 11. Nc3 Nf6 12. Bf4 c5 13. Qa4 Ng4 14. Nd5
O-O 15. Qxa6 Rfe8 16. Qd3 Kh8 17. Qf3 Qxd5 18. O-O Qe6 19. Rad1 Nf6 20. e5 Ng8
21. Rd6 Qxa2 22. Rxd7 Qxb2 23. Qg4 Re7 24. Rxe7 Nxe7 25. Qe6 Ng8 26. Qd5 Rf8
27. Qc4 Qd4 28. Qxd4 cxd4 29. Bg3 Ne7 30. e6 Nf5 31. Re1 Nxg3 32. fxg3 a5 33.
Rd1 Re8 34. Rxd4 Rxe6 35. Kf2 Kg8 36. Rd8+ Kf7 37. Kf3 Rc6 38. Rd7+ Kf6 39. Rb7
a4 40. Ra7 b5 41. Rb7 Rc5 42. Rb6+ Ke5 43. c4 bxc4 44. Ra6 c3 45. Rxa4 c2 46.
Re4+ Kf5 47. g4+ Kg6 48. Re6+ Kh7 49. Re1 c1=Q 50. Rxc1 Rxc1 51. Kg3 g5 52. Kh3
Rc3+ 53. g3 Rc4 54. Kg2 Rxg4 55. Kh3 h5 56. Kg2 Rc4 57. Kh3 h4 58. Kg2 hxg3 59.
hxg3 g4 60. Kf2 Rc3 0-1

[Event "DEM U12/U12w 2000"]
[Site "Überlingen GER"]
[Date "2000.06.08"]
[Round "8"]
[White "Berner, Stephan"]
[Black "Varbelow, Richard"]
[Result "1/2-1/2"]
[Termination "normal"]
[Board "27"]
[WhiteElo "1076"]
[BlackElo "968"]
[PlyCount "61"]
[WhiteFideId "24613126"]
[EventCountry "GER"]
[EventRounds "11"]
[EventType "swiss"]
[EventDate "2000.06.03"]

1. b4 d5 2. Bb2 Bf5 3. b5 e6 4. e3 c5 5. c4 Nf6 6. Nf3 a6 7. a4 axb5 8. axb5
Rxa1 9. Bxa1 Nbd7 10. Be2 Bd6 11. O-O O-O 12. d4 b6 13. Nbd2 Ng4 14. h3 Nh6 15.
Bc3 Bb8 16. Qa1 f6 17. Qa2 cxd4 18. exd4 Be4 19. cxd5 Bxd5 20. Bc4 Bxc4 21.
Qxc4 Re8 22. Re1 Qe7 23. Bb4 Qf7 24. Qe2 e5 25. dxe5 Nxe5 26. Kf1 Nf5 27. Nxe5
Rxe5 28. Qd3 Rxe1+ 29. Kxe1 Qe8+ 30. Kf1 g6 31. Nf3 1/2-1/2

[Event "DEM U12/U12w 2000"]
[Site "Überlingen GER"]
[Date "2000.06.08"]
[Round "8"]
[White "Schneider, Christian"]
[Black "Collmann, Jan"]
[Result "1/2-1/2"]
[Termination "normal"]
[Board "28"]
[WhiteElo "1028"]
[BlackElo "1076"]
[PlyCount "40"]
[WhiteFideId "24613886"]
[EventCountry "GER"]
[EventRounds "11"]
[EventType "swiss"]
[EventDate "2000.06.03"]

1. d4 e6 2. c4 d5 3. e3 Nf6 4. Nc3 Nc6 5. Nf3 b6 6. cxd5 Nxd5 7. Bb5 Bd7 8.
Nxd5 exd5 9. O-O a6 10. Be2 Bd6 11. a3 O-O 12. Bd2 Qf6 13. Qc2 Ne7 14. Bd3 Ng6
15. Rac1 a5 16. b4 Bg4 17. Ne1 Qh4 18. g3 Qh5 19. f3 Be6 20. Rf2 Qh3 1/2-1/2

[Event "DEM U12/U12w 2000"]
[Site "Überlingen GER"]
[Date "2000.06.08"]
[Round "8"]
[White "Lubbe, Alexander"]
[Black "Kubernath, Max"]
[Result "1-0"]
[Termination "normal"]
[Board "29"]
[WhiteElo "1072"]
[BlackElo "572"]
[PlyCount "63"]
[EventCountry "GER"]
[EventRounds "11"]
[EventType "swiss"]
[EventDate "2000.06.03"]

1. e4 e5 2. Nf3 Nc6 3. Bc4 Bc5 4. d3 Nf6 5. Nc3 d6 6. h3 h6 7. Qe2 Nd4 8. Nxd4
Bxd4 9. Nb5 Bc5 10. Be3 Bxe3 11. Qxe3 b6 12. O-O Bb7 13. f4 exf4 14. Qxf4 O-O
15. e5 a6 16. exf6 g5 17. Qg3 Kh8 18. Nd4 d5 19. Bb3 Qd6 20. Qxd6 cxd6 21. Nf5
Rad8 22. Rae1 Bc8 23. Ne7 Be6 24. Bxd5 Bxd5 25. Nxd5 Rc8 26. c3 b5 27. Re7 Rfe8
28. Rxf7 Rf8 29. Ra7 Ra8 30. Rxa8 Rxa8 31. Nc7 Ra7 32. f7 1-0

[Event "DEM U12/U12w 2000"]
[Site "Überlingen GER"]
[Date "2000.06.08"]
[Round "8"]
[White "Becker, Erik"]
[Black "Müller, Christian"]
[Result "1-0"]
[Termination "normal"]
[Board "30"]
[WhiteElo "1068"]
[BlackElo "914"]
[PlyCount "49"]
[WhiteFideId "4696921"]
[EventCountry "GER"]
[EventRounds "11"]
[EventType "swiss"]
[EventDate "2000.06.03"]

1. e4 e6 2. d4 b6 3. Nf3 Bb7 4. Nc3 Be7 5. Bd3 Nf6 6. Be3 O-O 7. O-O d6 8. Nd2
c5 9. Qf3 Nc6 10. d5 Ne5 11. Qg3 exd5 12. exd5 Nxd5 13. Nxd5 Bxd5 14. Bf5 Bf6
15. c3 g6 16. Bh6 Bg7 17. Bxg7 Kxg7 18. f4 Nc4 19. Nxc4 Bxc4 20. Rfd1 Qf6 21.
Bc2 Rad8 22. Rd2 Rd7 23. h3 Rfd8 24. b3 Qxc3 25. Qxc3+ 1-0

[Event "DEM U12/U12w 2000"]
[Site "Überlingen GER"]
[Date "2000.06.08"]
[Round "8"]
[White "Krenz, Sarah"]
[Black "Butschek, Tanja"]
[Result "0-1"]
[Termination "normal"]
[Board "31"]
[WhiteElo "1122"]
[BlackElo "932"]
[PlyCount "120"]
[BlackFideId "24604640"]
[EventCountry "GER"]
[EventRounds "11"]
[EventType "swiss"]
[EventDate "2000.06.03"]

1. d4 d5 2. c4 e6 3. g3 Nf6 4. Bg2 Nbd7 5. Nc3 c6 6. Nf3 Be7 7. O-O dxc4 8. Re1
O-O 9. Qc2 h6 10. e3 b6 11. Nd2 Nd5 12. Nxc4 Bb7 13. Nd2 Rb8 14. a3 Nxc3 15.
bxc3 c5 16. Bxb7 Rxb7 17. Qe4 Rb8 18. a4 Nf6 19. Qc2 Rc8 20. Qb3 Qd5 21. c4 Qd7
22. Bb2 cxd4 23. exd4 Ng4 24. a5 Bc5 25. Nf3 Be7 26. h3 Nf6 27. axb6 Rb8 28.
Qa4 Qxa4 29. Rxa4 axb6 30. Ra7 Bb4 31. Re2 Ra8 32. Rxa8 Rxa8 33. Kf1 Rc8 34.
Ne5 Bd6 35. f4 Nh5 36. Kf2 Bxe5 37. Rxe5 Rxc4 38. Rb5 Rc6 39. Kf3 Nf6 40. Ke3
Nd5+ 41. Kd3 Kf8 42. h4 Ke7 43. Rb3 Kf6 44. Ke4 Rc2 45. Kd3 Rg2 46. Ke4 Ke7 47.
Ba3+ Kd7 48. Bf8 Rc2 49. Bxg7 h5 50. Bh6 Rc3 51. Rxc3 Nxc3+ 52. Kd3 Nd5 53. Bf8
f5 54. Kc4 Kc6 55. Kb3 Ne3 56. Bb4 Kd5 57. Ka4 Kxd4 58. Kb5 Nd5 59. Bf8 Ke3 60.
Bh6 Kf3 0-1

[Event "DEM U12/U12w 2000"]
[Site "Überlingen GER"]
[Date "2000.06.08"]
[Round "8"]
[White "Rath, Alina"]
[Black "Elstner, Eik"]
[Result "0-1"]
[Termination "normal"]
[Board "33"]
[WhiteElo "912"]
[BlackElo "1027"]
[PlyCount "114"]
[WhiteFideId "24607886"]
[BlackFideId "24605581"]
[EventCountry "GER"]
[EventRounds "11"]
[EventType "swiss"]
[EventDate "2000.06.03"]

1. c4 e5 2. d3 d6 3. g3 Be6 4. Bg2 Nc6 5. Nc3 Qd7 6. Be3 Nf6 7. Qd2 O-O-O 8. a3
Na5 9. Qc2 Nc6 10. b4 Nd4 11. Qb2 d5 12. cxd5 Nxd5 13. Bxd4 exd4 14. Nxd5 Bxd5
15. Bxd5 Qxd5 16. Nf3 g5 17. O-O g4 18. Nh4 Be7 19. Ng2 Bg5 20. Rfe1 h5 21. Qa2
h4 22. Qxd5 Rxd5 23. gxh4 Bxh4 24. Nxh4 Rxh4 25. Kg2 Rdh5 26. Rh1 Kd7 27. Rac1
Re5 28. Rce1 f5 29. e3 dxe3 30. fxe3 Rh3 31. Kf2 Rf3+ 32. Ke2 Rexe3+ 33. Kd2
Rxd3+ 34. Kc2 Rxa3 35. Ref1 Ra2+ 36. Kb1 Rxf1+ 37. Rxf1 Rxh2 38. Rxf5 g3 39.
Rg5 g2 40. Rg7+ Ke6 41. Rg6+ Kf7 42. Rg3 Rh1+ 43. Kc2 g1=Q 44. Rxg1 Rxg1 45.
Kb3 b5 46. Kc3 Ke6 47. Kd4 Kd6 48. Kc3 Kd5 49. Kd3 Rg3+ 50. Kc2 Kc4 51. Kb2 Rc3
52. Ka2 Kxb4 53. Kb2 Kc4 54. Ka2 Rb3 55. Ka1 Kc3 56. Ka2 Kc2 57. Ka1 Ra3# 0-1

[Event "DEM U12/U12w 2000"]
[Site "Überlingen GER"]
[Date "2000.06.08"]
[Round "8"]
[White "Tovmasian, Nelli"]
[Black "Ehrhardt, Eric"]
[Result "1-0"]
[Termination "normal"]
[Board "34"]
[WhiteElo "702"]
[BlackElo "1022"]
[PlyCount "101"]
[WhiteFideId "24611735"]
[BlackFideId "24602450"]
[EventCountry "GER"]
[EventRounds "11"]
[EventType "swiss"]
[EventDate "2000.06.03"]

1. e4 e5 2. Nf3 Nc6 3. Bc4 Bc5 4. Nc3 d6 5. d3 Bg4 6. h3 Bh5 7. Be3 Nd4 8. Bxd4
Bxd4 9. O-O Nf6 10. Rb1 c6 11. Re1 O-O 12. Qe2 Re8 13. g4 Bg6 14. Nh4 d5 15.
exd5 cxd5 16. Bb5 Re7 17. Nxg6 fxg6 18. g5 Nh5 19. Qf3 Nf4 20. Ne2 Bxf2+ 21.
Kxf2 Qb6+ 22. d4 Nxe2 23. Qxd5+ Kh8 24. Rxe2 Rf8+ 25. Ke1 Rd8 26. Rf2 exd4+ 27.
Kf1 Qa5 28. b4 Qb6 29. a4 Qc7 30. Qf3 Kg8 31. Qb3+ Kh8 32. a5 Qe5 33. Qf3 h6
34. Bd3 Qxg5 35. Rg2 Qe5 36. Kg1 Qd6 37. Bxg6 Re6 38. Be4 Rf8 39. Qg4 Rf7 40.
Bg6 Rff6 41. Bf5 Re7 42. Bg6 Rf8 43. Kh1 Qc6 44. Qxd4 Re2 45. Be4 Qf6 46. Qxf6
Rxf6 47. Rxe2 Rf7 48. Rbe1 a6 49. Bg6 Rf8 50. Re8 Kg8 51. R1e7 1-0

[Event "DEM U12/U12w 2000"]
[Site "Überlingen GER"]
[Date "2000.06.08"]
[Round "8"]
[White "Opaska, Ines"]
[Black "Backes, Marco"]
[Result "0-1"]
[Termination "normal"]
[Board "35"]
[WhiteElo "990"]
[BlackElo "842"]
[PlyCount "112"]
[EventCountry "GER"]
[EventRounds "11"]
[EventType "swiss"]
[EventDate "2000.06.03"]

1. c4 e5 2. Nc3 Nf6 3. Nf3 Nc6 4. g3 d5 5. cxd5 Nxd5 6. Bg2 Nxc3 7. bxc3 Be6 8.
d4 exd4 9. cxd4 Bb4+ 10. Bd2 Bxd2+ 11. Qxd2 Qf6 12. O-O O-O-O 13. e3 Bg4 14.
Ne1 Ne5 15. Qc2 Nf3+ 16. Nxf3 Bxf3 17. Bxf3 Qxf3 18. Rfc1 c6 19. Rab1 h5 20.
Qb3 Rd7 21. Qd1 Qxd1+ 22. Rxd1 Rhd8 23. Kg2 c5 24. Rdc1 Rc7 25. Rxc5 Rxc5 26.
dxc5 Rd2 27. a4 Rc2 28. Rb4 Rxc5 29. Kf3 a5 30. Re4 Kd7 31. Ke2 Kd6 32. Kd3
Rd5+ 33. Rd4 f5 34. Rxd5+ Kxd5 35. f3 Kc5 36. Kc3 b5 37. axb5 Kxb5 38. h3 a4
39. h4 a3 40. Kb3 a2 41. Kxa2 Kc4 42. Kb2 Kd3 43. Kb3 Kxe3 44. Kc3 Kxf3 45. Kd3
Kxg3 46. Ke3 f4+ 47. Ke2 Kg2 48. Ke1 f3 49. Kd2 f2 50. Ke3 f1=Q 51. Ke4 Qb5 52.
Kd4 Kf3 53. Kc3 Ke3 54. Kc2 Qb4 55. Kc1 Kd3 56. Kd1 Qb1# 0-1

[Event "DEM U12/U12w 2000"]
[Site "Überlingen GER"]
[Date "2000.06.08"]
[Round "8"]
[White "Mader, Michael"]
[Black "Janiesch, Maike"]
[Result "1-0"]
[Termination "normal"]
[Board "36"]
[WhiteElo "949"]
[BlackElo "465"]
[PlyCount "111"]
[WhiteFideId "4696913"]
[EventCountry "GER"]
[EventRounds "11"]
[EventType "swiss"]
[EventDate "2000.06.03"]

1. e4 e5 2. Nf3 Nc6 3. Bb5 Nf6 4. O-O Bc5 5. c3 d6 6. d4 exd4 7. cxd4 a6 8.
Bxc6+ bxc6 9. dxc5 Nxe4 10. Re1 d5 11. Nc3 Bf5 12. Ng5 O-O 13. Ngxe4 dxe4 14.
Bf4 Re8 15. Qxd8 Raxd8 16. Bxc7 Rd2 17. Rad1 Rxd1 18. Rxd1 h6 19. Rd8 Rxd8 20.
Bxd8 f6 21. Kf1 Kf7 22. Ke2 Bg6 23. Ke3 f5 24. h3 h5 25. g4 hxg4 26. hxg4 fxg4
27. Nxe4 Ke6 28. Bb6 Kd5 29. Nc3+ Ke5 30. a4 Bc2 31. b4 Bb3 32. b5 axb5 33.
axb5 cxb5 34. Nxb5 Ba4 35. Na7 Kd5 36. Kf4 Bd7 37. Kg5 Ke4 38. c6 Bxc6 39. Nxc6
Kf3 40. Ne5+ Ke4 41. Nxg4 Kf3 42. Ne5+ Ke4 43. Nd7 Kd5 44. f4 Kc6 45. f5 Kxd7
46. Kg6 Kc6 47. Kxg7 Kxb6 48. f6 Kc6 49. f7 Kd5 50. f8=Q Kd4 51. Qf5 Ke3 52.
Qg4 Kd3 53. Qf4 Kc3 54. Qe4 Kb3 55. Qd4 Kc2 56. Qe3 1-0

[Event "DEM U12/U12w 2000"]
[Site "Überlingen GER"]
[Date "2000.06.08"]
[Round "8"]
[White "Stemmler, Lysan"]
[Black "Brehmer, Johann Hinrich"]
[Result "1/2-1/2"]
[Termination "normal"]
[Board "37"]
[WhiteElo "447"]
[BlackElo "941"]
[PlyCount "58"]
[WhiteFideId "24622451"]
[EventCountry "GER"]
[EventRounds "11"]
[EventType "swiss"]
[EventDate "2000.06.03"]

1. f4 d6 2. Nf3 Bg4 3. e4 Nd7 4. g3 Ngf6 5. d3 g6 6. Bg2 Bg7 7. Nc3 e6 8. h3
Bxf3 9. Bxf3 Rb8 10. Be3 a6 11. Qd2 O-O 12. g4 b5 13. f5 exf5 14. gxf5 Ne5 15.
Be2 b4 16. Nd1 a5 17. Bh6 c5 18. Bxg7 Kxg7 19. h4 d5 20. h5 Rh8 21. Nf2 dxe4
22. hxg6 hxg6 23. O-O-O Rxh1 24. Rxh1 Ng8 25. fxg6 Nxg6 26. Nxe4 Qd4 27. Qg5
Rc8 28. Rf1 N8e7 29. Rh1 Qe5 1/2-1/2

[Event "DEM U12/U12w 2000"]
[Site "Überlingen GER"]
[Date "2000.06.08"]
[Round "8"]
[White "Popovic, Nathalie"]
[Black "Dathe, Fabian"]
[Result "1-0"]
[Termination "normal"]
[Board "38"]
[WhiteElo "745"]
[BlackElo "1004"]
[PlyCount "91"]
[WhiteFideId "24630292"]
[EventCountry "GER"]
[EventRounds "11"]
[EventType "swiss"]
[EventDate "2000.06.03"]

1. d4 d5 2. c4 e6 3. Nc3 Nf6 4. Bg5 Nc6 5. Nf3 Be7 6. e3 O-O 7. Bd3 dxc4 8.
Bxc4 h6 9. Bh4 Re8 10. O-O b6 11. a3 a6 12. b4 Nh5 13. Bxe7 Nxe7 14. Bb3 Bb7
15. Bc2 Nf6 16. e4 g6 17. e5 Nfd5 18. Qd2 Nxc3 19. Qxc3 Bxf3 20. Qxf3 Qxd4 21.
Qe2 Nc6 22. Rfe1 Nd8 23. Rad1 Qh4 24. Be4 Ra7 25. Rd3 Qe7 26. Qd2 c6 27. Qxh6
Qc7 28. Red1 Ra8 29. Rf3 Qxe5 30. Bxg6 fxg6 31. Qxg6+ Qg7 32. Qxe8+ Kh7 33.
Rh3+ Qh6 34. Rxh6+ Kxh6 35. Rxd8 Rxd8 36. Qxd8 c5 37. Qxb6 a5 38. Qxe6+ Kh7 39.
bxc5 a4 40. c6 Kg7 41. c7 Kh7 42. c8=Q Kg7 43. Qc3+ Kf8 44. Qf3+ Kg7 45. Qeg4+
Kh6 46. Qfh3# 1-0

[Event "DEM U12/U12w 2000"]
[Site "Überlingen GER"]
[Date "2000.06.08"]
[Round "8"]
[White "Stelter, Christoph"]
[Black "Kessler, Paul"]
[Result "1/2-1/2"]
[Termination "normal"]
[Board "39"]
[WhiteElo "959"]
[BlackElo "654"]
[PlyCount "84"]
[EventCountry "GER"]
[EventRounds "11"]
[EventType "swiss"]
[EventDate "2000.06.03"]

1. e4 e5 2. Nf3 Nc6 3. Bc4 Bc5 4. c3 Nf6 5. d4 exd4 6. cxd4 Bb4+ 7. Bd2 Nxe4 8.
Bxf7+ Kxf7 9. Qb3+ d5 10. Bxb4 Nxd4 11. Nxd4 c5 12. Qf3+ Kg8 13. Nc3 Nxc3 14.
Bxc3 cxd4 15. Bxd4 h6 16. O-O Kh7 17. Rfe1 Rf8 18. Qg3 Qd7 19. Rac1 Rf7 20. Re3
Qg4 21. Qxg4 Bxg4 22. f3 Bf5 23. g4 Rc8 24. Rxc8 Bxc8 25. Bxa7 b5 26. Bd4 Rf4
27. Be5 Ra4 28. a3 d4 29. Rd3 Rc4 30. Bxd4 Rc1+ 31. Kg2 Rc2+ 32. Kg3 Be6 33.
Bc3 Bc4 34. Rd2 Rxd2 35. Bxd2 Kg6 36. Kf4 Kf6 37. Bc3+ Kf7 38. h4 g6 39. Ke5
Be2 40. Kf4 Ke6 41. g5 h5 42. Ke4 Bd1 1/2-1/2

[Event "DEM U12/U12w 2000"]
[Site "Überlingen GER"]
[Date "2000.06.08"]
[Round "8"]
[White "Reichel, Matti"]
[Black "Schöttler, Katharina"]
[Result "1/2-1/2"]
[Termination "normal"]
[Board "40"]
[WhiteElo "921"]
[BlackElo "668"]
[PlyCount "63"]
[EventCountry "GER"]
[EventRounds "11"]
[EventType "swiss"]
[EventDate "2000.06.03"]

1. c4 e5 2. e4 Nc6 3. d3 Bc5 4. Nf3 d6 5. Be3 Bb6 6. Be2 Nf6 7. Nc3 Bg4 8. O-O
h6 9. a3 Bxf3 10. Bxf3 Bd4 11. Qd2 Bxe3 12. fxe3 O-O 13. Qf2 Qd7 14. Qg3 Ne7
15. Be2 Qe6 16. Nb5 Rfc8 17. Rf2 Kh7 18. Raf1 c6 19. Nc3 Rf8 20. Qh4 Ng6 21.
Qg3 d5 22. exd5 cxd5 23. cxd5 Nxd5 24. Nxd5 Qxd5 25. e4 Qd4 26. Bh5 Rac8 27.
Kh1 Qc5 28. h3 Nf4 29. Bg4 Rcd8 30. Rd1 Rd6 31. Rfd2 Rfd8 32. Be2 1/2-1/2

[Event "DEM U12/U12w 2000"]
[Site "Überlingen GER"]
[Date "2000.06.08"]
[Round "8"]
[White "Gossmann, Anna Maria"]
[Black "Garzinsky, Dominik"]
[Result "1-0"]
[Termination "normal"]
[Board "42"]
[WhiteElo "820"]
[BlackElo "648"]
[PlyCount "119"]
[EventCountry "GER"]
[EventRounds "11"]
[EventType "swiss"]
[EventDate "2000.06.03"]

1. e4 d5 2. exd5 Qxd5 3. Nc3 Qa5 4. Nf3 c6 5. d4 Bg4 6. Bd2 Qc7 7. Be2 Nd7 8.
O-O O-O-O 9. d5 Nb6 10. dxc6 Qxc6 11. Qc1 e6 12. Rd1 Bb4 13. Ne5 Qe8 14. Bxg4
Nf6 15. Bf3 Bd6 16. Nd3 Qe7 17. Bg5 h6 18. Bxf6 Qxf6 19. Qe3 Rd7 20. a4 Kb8 21.
Qe4 Rhd8 22. a5 Nd5 23. Nxd5 exd5 24. Qe3 Qh4 25. g3 Qc4 26. Rdc1 d4 27. Qe4
Re7 28. Qd5 Qxd5 29. Bxd5 Rc8 30. Ra2 f6 31. b4 a6 32. Rb2 Re2 33. Kf1 Rd2 34.
Ke1 Rxd3 35. cxd3 Rxc1+ 36. Ke2 Rh1 37. Bxh1 Kc7 38. b5 Bc5 39. bxa6 bxa6 40.
Rb7+ Kd6 41. Rxg7 Bb4 42. Ra7 Kc5 43. Rxa6 Kb5 44. Rxf6 Kxa5 45. Rxh6 Kb5 46.
g4 Bf8 47. Rf6 Be7 48. Rf7 Bh4 49. f4 Kc5 50. g5 Kd6 51. g6 Ke6 52. Rf8 Be7 53.
Re8 Kd7 54. Ra8 Bc5 55. g7 Ke7 56. g8=Q Kd7 57. Qd5+ Bd6 58. Ra7+ Ke8 59. Qe6+
Kd8 60. Qd7# 1-0

[Event "DEM U12/U12w 2000"]
[Site "Überlingen GER"]
[Date "2000.06.08"]
[Round "8"]
[White "Hammerich, Nadine"]
[Black "Bräutigam, Thorben"]
[Result "0-1"]
[Termination "normal"]
[Board "44"]
[WhiteElo "675"]
[BlackElo "1123"]
[PlyCount "94"]
[EventCountry "GER"]
[EventRounds "11"]
[EventType "swiss"]
[EventDate "2000.06.03"]

1. d4 f5 2. c4 Nf6 3. Nc3 b6 4. Nf3 e6 5. e3 Bb7 6. Bd3 Bb4 7. Bd2 Ne4 8. Qb3
Bxc3 9. Bxc3 g5 10. Bb4 a5 11. Ba3 h5 12. Ne5 Qf6 13. f3 d6 14. fxe4 dxe5 15.
dxe5 Qxe5 16. exf5 Bxg2 17. Rg1 Qxe3+ 18. Kd1 Qxg1+ 19. Kc2 Qxa1 20. Qa4+ Bc6
21. Qb3 Bf3 22. Qb5+ c6 23. Qe5 Qd1+ 24. Kc3 Qc1+ 25. Bc2 Kd7 26. Qd6+ Kc8 27.
Qxe6+ Kb7 28. f6 Na6 29. f7 Nc7 30. Qd7 Rad8 31. Qf5 Qe3+ 32. Bd3 Qe1+ 33. Kb3
b5 34. Qxf3 a4+ 35. Kc2 Ne6 36. Bc5 Nxc5 37. cxb5 Rd6 38. f8=Q Rxf8 39. Qxf8
Kc7 40. Qf7+ Rd7 41. Qf4+ gxf4 42. bxc6 Qf2+ 43. Kc3 Rxd3+ 44. Kb4 Na6+ 45.
Kxa4 Qd4+ 46. Kb5 Qb4+ 47. Kxa6 Qa4# 0-1

[Event "DEM U12/U12w 2000"]
[Site "Überlingen GER"]
[Date "2000.06.08"]
[Round "8"]
[White "Walker, Maria"]
[Black "Laake, Jasmin"]
[Result "1-0"]
[Termination "normal"]
[Board "45"]
[WhiteElo "844"]
[BlackElo "633"]
[PlyCount "125"]
[BlackFideId "4699939"]
[EventCountry "GER"]
[EventRounds "11"]
[EventType "swiss"]
[EventDate "2000.06.03"]

1. e4 e5 2. Nf3 Nc6 3. Bc4 Bc5 4. c3 Nf6 5. d4 Bb6 6. dxe5 Nxe4 7. Qd5 Bxf2+ 8.
Kf1 O-O 9. Qxe4 Bb6 10. Bg5 Qe8 11. Nbd2 d6 12. exd6 cxd6 13. Qxe8 Rxe8 14. Nb3
Be6 15. Bxe6 Rxe6 16. Rd1 f6 17. Bf4 Rd8 18. Nbd4 Re7 19. Nxc6 bxc6 20. Rxd6
Re4 21. Rxd8+ Bxd8 22. Bg3 Bb6 23. Bf2 c5 24. Nd2 Re7 25. Nb3 Rc7 26. Ke2 Re7+
27. Kf3 c4 28. Bxb6 axb6 29. Nd4 Kf7 30. Kf2 g5 31. Re1 Rd7 32. Re3 h5 33. Rh3
Kg6 34. Rf3 Ra7 35. a3 Ra5 36. Re3 Re5 37. Rxe5 fxe5 38. Nc6 Kf5 39. Ke3 h4 40.
h3 g4 41. hxg4+ Kxg4 42. Nxe5+ Kg3 43. Nf3 Kxg2 44. Nxh4+ Kg3 45. Kd4 Kxh4 46.
Kxc4 Kg5 47. Kb5 Kf6 48. Kxb6 Ke7 49. a4 Kd8 50. Kb7 Ke7 51. a5 Ke6 52. a6 Ke5
53. a7 Ke4 54. a8=Q Kd3 55. b3 Kxc3 56. Qd8 Kxb3 57. Qd4 Kc2 58. Kb6 Kc1 59.
Qf2 Kd1 60. Kc5 Kc1 61. Kc4 Kd1 62. Kc3 Kc1 63. Qc2# 1-0

[Event "DEM U12/U12w 2000"]
[Site "Überlingen GER"]
[Date "2000.06.08"]
[Round "8"]
[White "Slobodan, Nadja"]
[Black "Dietzen, Corinna"]
[Result "1-0"]
[Termination "normal"]
[Board "46"]
[WhiteElo "766"]
[BlackElo "385"]
[PlyCount "159"]
[BlackFideId "24621021"]
[EventCountry "GER"]
[EventRounds "11"]
[EventType "swiss"]
[EventDate "2000.06.03"]

1. e4 e5 2. Nf3 Nc6 3. Bb5 Nf6 4. Nc3 Bc5 5. O-O d6 6. Bxc6+ bxc6 7. d3 h6 8.
d4 exd4 9. Nxd4 Bxd4 10. Qxd4 c5 11. Qd1 Bg4 12. f3 Be6 13. Bf4 Nh5 14. Qd2 a6
15. e5 d5 16. g4 Nxf4 17. Qxf4 d4 18. Ne4 O-O 19. Nxc5 Qe7 20. Qxd4 Rfd8 21.
Qc3 Rd5 22. Nd3 c5 23. b3 Rc8 24. Nf4 Rd4 25. Nxe6 Qxe6 26. Rfe1 Qc6 27. Rad1
Qd7 28. Rxd4 cxd4 29. Qd3 Rc3 30. Qe4 Qc8 31. Re2 g6 32. Kf1 h5 33. h3 hxg4 34.
hxg4 a5 35. Ke1 Qc7 36. Kd1 d3 37. cxd3 Rc1+ 38. Kd2 Qc2+ 39. Ke3 Re1 40. Rxe1
Qxa2 41. Qa4 Qb2 42. Qxa5 Qh2 43. Qd8+ Kh7 44. Qa5 Qh4 45. b4 Qxe1+ 46. Kf4
Qd2+ 47. Kg3 g5 48. Qc5 Qe1+ 49. Kh3 Qh1+ 50. Kg3 Qe1+ 51. Kg2 Qe2+ 52. Qf2
Qxe5 53. d4 Qb5 54. Qc2+ Kg7 55. Qd2 Kg8 56. Kf2 Kf8 57. d5 f6 58. d6 Ke8 59.
d7+ Qxd7 60. Qxd7+ Kxd7 61. Ke3 Kc6 62. Ke4 Kb5 63. Kf5 Kxb4 64. Kxf6 Kc5 65.
Kxg5 Kd6 66. Kf6 Kd7 67. Kf7 Kd6 68. g5 Ke5 69. g6 Kf4 70. g7 Kxf3 71. g8=Q Ke4
72. Qg5 Kd4 73. Ke6 Kc4 74. Qd5+ Kb4 75. Qc6 Ka5 76. Qb7 Ka4 77. Kd5 Ka5 78.
Kc5 Ka4 79. Kc4 Ka5 80. Qb5# 1-0

[Event "DEM U12/U12w 2000"]
[Site "Überlingen GER"]
[Date "2000.06.08"]
[Round "8"]
[White "Tischer, Jana"]
[Black "Bodenschatz, Monique"]
[Result "1-0"]
[Termination "normal"]
[Board "47"]
[WhiteElo "749"]
[BlackElo "350"]
[PlyCount "87"]
[WhiteFideId "24617164"]
[EventCountry "GER"]
[EventRounds "11"]
[EventType "swiss"]
[EventDate "2000.06.03"]

1. e4 e6 2. d4 d5 3. Nc3 Bb4 4. Bd2 Nd7 5. Nf3 c5 6. a3 Bxc3 7. Bxc3 c4 8. Nd2
Ngf6 9. e5 Ng8 10. Be2 Ne7 11. O-O O-O 12. Bb4 b5 13. Bh5 g6 14. Bg4 Bb7 15.
Qf3 Nf5 16. Bxf8 Nxf8 17. Bxf5 exf5 18. Rfe1 Qg5 19. Qe3 f4 20. Nf3 Qf5 21. Qd2
Ne6 22. a4 bxa4 23. Rxa4 Ng5 24. Nxg5 Qxg5 25. e6 Qg4 26. h3 Qf5 27. e7 Bc6 28.
Ra6 Bd7 29. Re5 Qe6 30. Raxe6 Bxe6 31. Qxf4 Re8 32. Qf6 a5 33. Re3 a4 34. Ra3
Bd7 35. b3 Bf5 36. Rxa4 Bxc2 37. Ra7 cxb3 38. Rb7 h5 39. Qc6 Ra8 40. e8=Q+ Rxe8
41. Qxe8+ Kg7 42. Qxf7+ Kh6 43. h4 g5 44. Qg7# 1-0

[Event "DEM U12/U12w 2000"]
[Site "Überlingen GER"]
[Date "2000.06.08"]
[Round "8"]
[White "Hahn, Eva-Katharina"]
[Black "Weber, Julia"]
[Result "0-1"]
[Termination "normal"]
[Board "49"]
[WhiteElo "392"]
[BlackElo "452"]
[PlyCount "62"]
[EventCountry "GER"]
[EventRounds "11"]
[EventType "swiss"]
[EventDate "2000.06.03"]

1. e4 e5 2. Nf3 Nc6 3. Nc3 Bb4 4. Bc4 d6 5. Nd4 exd4 6. Qf3 Nf6 7. O-O dxc3 8.
dxc3 Ne5 9. Qe2 Bc5 10. b3 Bg4 11. Qe1 Nxc4 12. bxc4 Qe7 13. Rb1 Qxe4 14. Bd2
Qxe1 15. Rbxe1+ Be6 16. Be3 Bxe3 17. Rxe3 O-O-O 18. c5 Bxa2 19. cxd6 Rxd6 20.
Rd3 Bc4 21. Rfd1 Bxd3 22. Rxd3 Rxd3 23. cxd3 Rd8 24. d4 c5 25. h3 cxd4 26. cxd4
Rxd4 27. f3 b5 28. g4 b4 29. g5 Nd5 30. Kg2 b3 31. g6 hxg6 0-1